| 000 | 00777 a2200229 4500 | ||
|---|---|---|---|
| 003 | Nust | ||
| 005 | 20170207154054.0 | ||
| 010 | _a 2009017154 | ||
| 020 | _a0470394390 (cloth) | ||
| 020 | _a9780470394397 (cloth) | ||
| 035 | _a(OCoLC)ocn301885110 | ||
| 040 | _cNust | ||
| 082 | 0 | 0 | _a330.973 |
| 100 | 1 | _aToomey, Pat. | |
| 245 | 1 | 4 |
_aThe road to prosperity (E-BOOK) _bhow to grow our economy and revive the American dream / _cPatrick J. Toomey, with Nachama Soloveichik. |
| 260 |
_aHoboken, N.J. : _bJohn Wiley & Sons, _cc2009. |
||
| 300 |
_axviii, 254 p. : _bill. ; _c23 cm. |
||
| 650 | 0 |
_aFiscal policy _zUnited States. |
|
| 650 | 0 |
_aMonetary policy _zUnited States. |
|
| 651 | 0 |
_aThe road to prosperity (E-BOOK) _xEconomic policy _y2001-2009. |
|
| 700 | 1 | _aSoloveichik, Nachama. | |
| 942 |
_2ddc _cBK |
||
| 999 |
_c193248 _d193248 |
||